| Tag |
First Indicator |
Second Indicator |
Subfields |
| LEADER |
00000cam a2200000 i 4500 |
| 001 |
in00000042991 |
| 005 |
20151007064951.0 |
| 008 |
800303s1961 wb a b 00110 ger d |
| 010 |
|
|
|a a 62001378
|
| 035 |
|
|
|a (OCoLC)06046330
|
| 035 |
|
|
|9 AAE0984AM
|
| 040 |
|
|
|a TKN
|c TKN
|d TXA
|d UtOrBLW
|
| 049 |
|
|
|a TXAM
|c [348091]
|
| 050 |
|
0 |
|a Q310
|b .S75
|
| 092 |
|
|
|a 501
|b S819a, 1961
|
| 100 |
1 |
|
|a Steinbuch, Karl.
|
| 245 |
1 |
0 |
|a Automat und Mensch :
|b uber menschliche und maschinelle Intelligenz /
|c von Karl Steinbuch.
|
| 264 |
|
1 |
|a Berlin :
|b Springer,
|c 1961.
|
| 300 |
|
|
|a vii, 253 pages :
|b illustrations, diagrams, tables ;
|c 21 cm.
|
| 336 |
|
|
|a text
|b txt
|2 rdacontent
|
| 337 |
|
|
|a unmediated
|b n
|2 rdamedia
|
| 338 |
|
|
|a volume
|b nc
|2 rdacarrier
|
| 500 |
|
|
|a Includes index.
|
| 504 |
|
|
|a Bibliography : pages 231-247.
|
| 650 |
|
0 |
|a Cybernetics.
|
| 650 |
|
0 |
|a Intellect.
|
| 999 |
|
|
|a MARS
|
| 999 |
f |
f |
|s 12e69eb7-f600-38e3-a4a5-d38d496cecf8
|i 0299b75f-bab3-3233-b713-019af9366f6f
|t 0
|
| 952 |
f |
f |
|p ric
|a Texas A&M University
|b Rellis Campus
|c Joint Library Facility
|d Remote Storage
|t 0
|e Q310 .S75
|h Library of Congress classification
|i unmediated -- volume
|m A14800891628
|
| 998 |
f |
f |
|a Q310 .S75
|t 0
|l Remote Storage
|